00631nam a2200145Ia 4500008004100000024006000041082001700101100009800118245004900216260002600265600002700291650003300318856011700351999001700468260210s9999 xx 000 0 und d a16B-070-EL, 16B-054-EL, 16B-071-EL & 16B-072-EL a004.9072 SYE aSyed Kamil Raza, M. Bazid Zulfiqar Khan, Syed Muhammad Moiz Zaidi & Shammas Iqbal Shareef 0aVehicular Engine Exhaust Emission Test Bench aKarachi:bUITU,c2016 aElectronic Engineering aBachelor of Engineering (BE) uhttps://drive.google.com/file/d/1dhcJUwg3Y8i5X7GKuAe1iGR4qjSYp7hn/view?usp=sharingyClick here to Online Reading c33258d33258